Identités collectives et tolérance de la différence dans les relations entre groupes sociaux
Gespeichert in:
| 1. Verfasser: | |
|---|---|
| Weitere Verfasser: | |
| Format: | Buch |
| Sprache: | Französisch Englisch |
| Veröffentlicht: |
San Domenico (FI)
European University Institute
2001
|
| Schriftenreihe: | EUI Working paper RSC
No. 2001/4 |
| Schlagworte: | |
| Tags: |
Keine Tags, Fügen Sie das erste Tag hinzu!
|
MARC
| LEADER | 00000nam a2200000 4500 | ||
|---|---|---|---|
| 001 | c132224 | ||
| 005 | 20221124104547.8 | ||
| 041 | 0 | |a fre | |
| 041 | 0 | |a eng | |
| 044 | |a IT | ||
| 245 | 1 | 0 | |a Identités collectives et tolérance de la différence dans les relations entre groupes sociaux |c Fanen Sisbane and Elia Azzi Assaad |
| 264 | 1 | |a San Domenico (FI) |b European University Institute |c 2001 | |
| 300 | |a 29 s. | ||
| 490 | 1 | |a EUI Working paper RSC |v No. 2001/4 | |
| 830 | 0 | |a EUI Working paper RSC |v No. 2001/4 | |
| 610 | 2 | 0 | |a politika sociálna |
| 610 | 2 | 0 | |a vzťahy medziľudské |
| 610 | 2 | 0 | |a skupiny sociálne |
| 610 | 2 | 0 | |a psychológia sociálna |
| 610 | 2 | 0 | |a kolektív |
| 610 | 2 | 0 | |a tolerancia |
| 100 | 1 | |a Sisbane, Fanen | |
| 700 | 1 | |a Assaad, Elia Azzi | |